méchants de films par image - Statistiques

Statistiques générales
  • Ce quiz a été pris 81 fois
  • Le résultat moyen est 11 sur 20
Statistiques - réponses
Par images Réponse % Correct
Dark Vador
99%
Lord Voldemort
88%
Cruella
87%
Scar
83%
Harry Potter
75%
star wars
75%
jafar
72%
Le roi lion
72%
Les 101 Dalmatiens
72%
les indestructibles
64%
aladin
58%
moi moche et méchant
58%
Sauron
54%
Vector
43%
captain america
30%
Syndrome
17%
red skull
14%
le seigneur des annaux
10%
Ego
7%
les guardiens de la galaxie 2
0%
Aucun quiz correspondant
Distribution des résultats
% des personnes avec chaque résultat
Percentile par nombre de réponses
Votre historique - résultats
Vous n’avez pas pris ce quiz